NPB2023年12球団ポジション別最多出場選手 - Statistics

General Stats
  • This quiz has been taken 914 times
  • The average score is 57 of 96
Answer Stats
Group 守備位置 選手名 試合数 % Correct
ソフトバンク 一塁手 中村 晃 128試合数
88%
ロッテ 二塁手 中村 奨吾 133試合数
88%
ヤクルト 捕手 中村 悠平 104試合数
88%
ソフトバンク 捕手 甲斐 拓也 139試合数
87%
阪神 捕手 坂本 誠志郎 83試合数
87%
巨人 遊撃手 坂本 勇人 89試合数
87%
西武 三塁手 佐藤 龍世 78試合数
86%
ロッテ 捕手 佐藤 都志也 92試合数
86%
DeNA 二塁手 牧 秀悟 143試合数
86%
阪神 三塁手 佐藤 輝明 129試合数
86%
ロッテ 外野手 岡 大海 106試合数
85%
ヤクルト 三塁手 村上 宗隆 139試合数
83%
阪神 一塁手 大山 悠輔 143試合数
82%
阪神 二塁手 中野 拓夢 143試合数
82%
ヤクルト 二塁手 山田 哲人 100試合数
81%
オリックス 捕手 若月 健矢 92試合数
80%
阪神 外野手 近本 光司 127試合数
80%
巨人 外野手 丸 佳浩 111試合数
80%
ヤクルト 一塁手 オスナ 134試合数
79%
巨人 捕手 大城 卓三 133試合数
79%
巨人 一塁手 岡本 和真 75試合数
79%
巨人 三塁手 岡本 和真 84試合数
79%
オリックス 三塁手 宗 佑磨 121試合数
78%
オリックス 遊撃手 紅林 弘太郎 127試合数
77%
ソフトバンク 遊撃手 今宮 健太 125試合数
77%
西武 遊撃手 源田 壮亮 99試合数
76%
阪神 遊撃手 木浪 聖也 126試合数
76%
ヤクルト 遊撃手 長岡 秀樹 132試合数
75%
ヤクルト 外野手 サンタナ 129試合数
75%
DeNA 三塁手 宮﨑 敏郎 113試合数
75%
巨人 二塁手 吉川 尚輝 125試合数
75%
ソフトバンク 外野手 近藤 健介 103試合数
73%
広島 二塁手 菊池 涼介 116試合数
73%
西武 二塁手 外崎 修汰 135試合数
71%
オリックス 一塁手 頓宮 裕真 102試合数
70%
楽天 捕手 太田 光 103試合数
70%
広島 捕手 坂倉 将吾 113試合数
70%
日本ハム 万波 中正 117試合数
69%
DeNA 捕手 山本 祐大 67試合数
69%
オリックス 杉本 裕太郎 79試合数
67%
ソフトバンク 周東 佑京 94試合数
66%
楽天 外野手 辰己 涼介 130試合数
66%
DeNA 一塁手 ソト 103試合数
66%
DeNA 桑原 将志 122試合数
65%
DeNA 佐野 恵太 109試合数
65%
阪神 ノイジー 125試合数
64%
中日 外野手 岡林 勇希 143試合数
64%
日本ハム 三塁手 清宮 幸太郎 88試合数
63%
中日 捕手 木下 拓哉 87試合数
62%
ソフトバンク 三塁手 栗原 陵矢 93試合数
61%
広島 西川 龍馬 109試合数
60%
西武 捕手 古賀 悠斗 98試合数
59%
楽天 二塁手 小深田 大翔 77試合数
59%
DeNA 遊撃手 京田 陽太 77試合数
58%
日本ハム 捕手 伏見 寅威 88試合数
57%
中日 一塁手 ビシエド 90試合数
55%
中日 大島 洋平 114試合数
55%
西武 鈴木 将平 65試合数
54%
楽天 一塁手 鈴木 大地 74試合数
54%
日本ハム 遊撃手 上川畑 大悟 81試合数
54%
中日 細川 成也 116試合数
54%
ロッテ 三塁手 安田 尚憲 106試合数
53%
ロッテ 遊撃手 藤岡 裕大 88試合数
53%
日本ハム 外野手 松本 剛 122試合数
53%
オリックス 外野手 中川 圭太 127試合数
50%
日本ハム 一塁手 野村 佑希 50試合数
50%
広島 遊撃手 矢野 雅哉 83試合数
50%
中日 三塁手 石川 昂弥 95試合数
49%
ロッテ 藤原 恭大 102試合数
48%
広島 外野手 秋山 翔吾 114試合数
48%
ソフトバンク 柳町 達 101試合数
47%
ソフトバンク 二塁手 三森 大貴 91試合数
46%
楽天 小郷 裕哉 115試合数
46%
DeNA 外野手 関根 大気 137試合数
43%
広島 野間 峻祥 104試合数
43%
中日 遊撃手 龍空 96試合数
43%
中日 二塁手 村松 開人 70試合数
40%
楽天 遊撃手 山﨑 剛 83試合数
39%
広島 一塁手 マクブルーム 60試合数
39%
西武 一塁手 マキノン 87試合数
37%
ロッテ 一塁手 山口 航輝 68試合数
35%
西武 外野手 愛斗 71試合数
33%
西武 岸 潤一郎 60試合数
32%
楽天 三塁手 フランコ 54試合数
32%
日本ハム 二塁手 加藤 豪将 33試合数
32%
阪神 島田 海吏 97試合数
32%
巨人 梶谷 隆幸 83試合数
31%
ヤクルト 並木 秀尊 77試合数
26%
巨人 秋広 優人 97試合数
26%
オリックス 茶野 篤政 89試合数
24%
楽天 岡島 豪郎 107試合数
24%
オリックス 二塁手 宜保 翔 54試合数
22%
ロッテ 和田 康士朗 74試合数
22%
ヤクルト 濱田 太貴 67試合数
22%
広島 三塁手 デビッドソン 89試合数
20%
日本ハム 江越 大賀 88試合数
17%
No matching quizzes found
Score Distribution
Percent of People with Each Score
Percentile by Number Answered
Your Score History
You have not taken this quiz